[Event "Sevilla"]
[Site "?"]
[Date "2024.01.20"]
[Round "9"]
[White "Ouellet, Maili-Jade"]
[Black "Litner, Igor"]
[Result "1-0"]
[Annotator "Maili-Jade Ouellet"]
[WhiteElo "2222"]
[BlackElo "1977"]
[WhiteFideId "-1"]
[BlackFideId "-1"]
[PlyCount "79"]
[GameId "2135836627189933"]
[EventDate "2024.??.??"]
[EventCountry "ESP"]
[SourceTitle "Chess Canada 25"]
[Source "JohnUpper?CFC"]
[SourceDate "2025.06.29"]
[SourceVersion "1"]
[SourceVersionDate "2026.07.01"]
[SourceQuality "1"]

{After two consecutive losses against strong, higher-rated opponents, I was in a must-win situation to secure my first IM norm, as 6.5/9 was required based on my opponents' average ratings. After such a strong tournament run, missing the norm would have been disappointing. Fortunately, I had good chances, as I was paired against a lower-rated opponent with White, though the game was far from easy.} 1. d4 Nf6 2. c4 e6 3. Nc3 d5 4. cxd5 exd5 5. Bg5 c6 6. e3 Be7 7. Bd3 h6 8. Bh4 O-O 9. Qc2 {[#] A common position in the Queen’s Gambit Declined. I am always prepared to face the QGD, but I did not have the luxury of thorough preparation, as my opponent had few games in the database. Additionally, this was the tournament’s only morning round, being the final one, and I was exhausted and not well rested.} Ne8 $5 {An idea that has gained popularity in recent years.} 10. Bxe7 (10. Bg3 Nd6 11. Nge2 Re8 12. O-O Bf8 {This is the type of setup Black aims for. It is solid, scores reasonably well, and provides winning chances if White makes a mistake.}) 10... Qxe7 {[#]} 11. Nxd5 $6 {The idea is to win a pawn, as the c8-bishop is hanging after Black captures on d5. However, this move is positionally terrible, as Black gains multiple tempos on my queen, providing ample compensation. Additionally, Black’s position becomes much easier to play. Given that I needed a win, this was a poor strategic choice—extremely risky and misguided. In hindsight, I was very fortunate not to lose and be punished for such an impractical decision.} (11. Nge2 Nd6 12. O-O Nd7 13. b4 {This would have been a much better choice, providing a small advantage but, more importantly, a solid position where I could gradually outplay my opponent, given the rating difference.}) 11... cxd5 12. Qxc8 Nc6 $1 {[#]} 13. Qf5 $8 {Removing the queen and putting pressure on d5.} (13. Qxa8 $4 Qb4+ $1 14. Kf1 Nf6 $1 15. Qxf8+ $8 Kxf8 $19 {Although material is balanced in terms of points, Black is completely winning. White's pieces are undeveloped, lack coordination, and the king is highly vulnerable.}) (13. Qg4 $6 Qb4+ 14. Kf1 Ne5 $1 15. Qd1 Nxd3 16. Qxd3 Qxb2 $17 {Black is doing very well and has an easy game.}) 13... g6 $6 (13... Nf6 {Simple development was best. To emphasize how much compensation Black posseses, White best move according to the engine is} 14. Kf1 $5 {removing the threat of b4+ without compromising White's queenside.}) 14. Qxd5 $14 Rd8 {[#]} 15. Qb3 (15. Qc4 {was better as it prevents Black from winning a tempo with xd4.} Rxd4 16. Qc3 $14 {White is happy here as f3 followed by castle is next and White is a pawn up.}) 15... Nxd4 16. Qc3 Nf6 {[#]} 17. Rd1 $2 (17. Ne2 {was best. However, it led to a completely drawn endgame—something I desperately wanted to avoid, as I did not believe in my winning chances there.} Nxe2 18. Bxe2 Ne4 19. Qa3 Qxa3 20. bxa3 $11) 17... Ne4 $1 18. Bxe4 (18. Qa3 Nc5 $1 {Black's pieces are too active, while White's king remains in the center, far from castling to safety.}) (18. Qc4 b5 19. Qc1 Rc8 20. Qb1 Qb4+ 21. Kf1 Nd2+ $19) 18... Qxe4 19. f3 {[#]} Nc2+ $2 (19... Qc2 $1 20. Qxc2 (20. Rd2 Qb1+ 21. Kf2 Nb5 22. Qc2 Rxd2+ 23. Qxd2 Rc8 $1 {is the crushing move I missed while I was evaluating e4 followed by c2.}) (20. exd4 Rfe8+ 21. Kf1 Qxd1+ $19) 20... Nxc2+ 21. Ke2 Rxd1 22. Kxd1 Nxe3+ $19) 20. Kf2 $1 {Leaving the rook on d1 unprotected, but Black cannot capture it since the queen is hanging on e4.} (20. Ke2 $2 Qf5 $19 {the knight belongs to e2 while the king should be placed on f2 to accelerate the manual castling process.}) 20... Qa4 {[#]} 21. Rxd8 (21. Ne2 $2 Rxd1 22. Rxd1 Nxe3 $1 $19 {thus, White must first exchange the rooks.}) 21... Rxd8 22. Ne2 Nb4 {[#]} 23. Nd4 {Blocking the d-file and placing my knight on a nice outpost.} Nxa2 $6 {Is too greedy as it lets me activate and develop my pieces on tempo!} (23... Nc6 $11 {was best.}) 24. Qc7 {[#]} Rd5 $4 {Black is now losing as it allows White to play...} ({Black should have played} 24... Qd7 $14 {as it protects the rook, attacks the queen and removes itself from the a-file. White remains slightly better, as the queen is active, the rook will soon enter the game, the knight has a strong central outpost, and the king is relatively safe. Meanwhile, Black's knight is badly misplaced on a2, and White can easily exploit this.}) 25. Ra1 $1 {A powerful pin that is extremely hard to get out of.} b6 (25... Qa5 26. Qc8+ Rd8 27. Qc4 Qd2+ 28. Qe2 Qxe2+ 29. Kxe2 Nb4 30. Rxa7 $18 {is enough for White to convert this into a win.}) (25... Qa6 26. b4 $1 {preparing c2 by opening up the second rank AND preventing Black from supporting the knight with a5.}) (25... Ra5 26. Qxb7 $18 {Black is still stuck with his pieces and White can eventually convert the material advantage into a win.}) 26. Qc8+ Kh7 27. b3 Qa3 28. Qc2 Ra5 {[#] Although material remains balanced, White is completely winning, as Black's pieces are paralyzed and cannot be untangled.} 29. f4 {Expanding on the kingside while also freeing the f3-square for the king if needed to escape perpetual checks. White has complete control and can play almost any move.} h5 30. Kf3 Kh6 31. h3 {[#]} f5 ({If Black waits patiently with} 31... Kh7 {White can play} 32. b4 $1 Ra4 {with the rook no longer on the fifth rank to help defend Black's king, White can strike with} (32... Qxb4 33. Rxa2 $18) 33. Qc7 Kg8 34. Qd8+ Kg7 (34... Kh7 35. Qe7 $18) 35. Ne6+ fxe6 36. Rd1 {followed by mate in a few moves.}) 32. h4 Kg7 33. Qc7+ Kf6 34. Qd8+ {[#]} Kf7 (34... Qe7 35. Qxe7+ Kxe7 36. Nc6+ $1) 35. Qd7+ Kf6 36. Qe6+ Kg7 37. Qe8 Qd6 38. Ne6+ Kf6 39. Ng5 Nb4 (39... Qe7 40. Qh8+ Qg7 41. Qc8 Qe7 42. Rd1 $18) (39... Qc7 40. Qf8+ Qf7 41. Qxf7#) 40. Qf7# {After this thrilling game filled with tactics, inaccuracies, and blunders, I finished with 6.5/9, tied for 13th place—just one point behind the winners—securing my first IM norm.} 1-0

[Event "Southwest Class Championship"]
[Site "?"]
[Date "2024.02.18"]
[Round "7"]
[White "Ouellet, Maili-Jade"]
[Black "Yoo, Christopher"]
[Result "0-1"]
[Annotator "Maili-Jade Ouellet"]
[WhiteElo "2283"]
[BlackElo "2595"]
[WhiteFideId "-1"]
[BlackFideId "-1"]
[PlyCount "306"]
[GameId "2075309547216652"]
[EventDate "2024.??.??"]
[SourceTitle "Chess Canada 25"]
[Source "JohnUpper?CFC"]
[SourceDate "2025.06.29"]
[SourceVersion "1"]
[SourceVersionDate "2026.07.01"]
[SourceQuality "1"]

{This was round 7 of the Southwest Class Championship, organized by the Continental Chess Association. Players are required to bring their own chess sets and clocks, with games using delay rather than increment. Pairings are released only shortly before the round. The tournament typically attracts a strong field and offers excellent prizes.} 1. d4 Nf6 2. c4 e6 3. Nc3 d5 4. cxd5 exd5 5. Bg5 Bb4 6. e3 h6 {[#]} 7. Bxf6 {With limited time to prepare, I did not anticipate my opponent playing this line. However, my opponent likely did not expect me to capture on f6, as it is played far less often than the main line with h4.} (7. Bh4 {is far more popular.} g5 8. Bg3 Ne4 9. Nge2 h5 {White can now paly h4 or h3. The position is very messy and dynamic and White is slightly better.}) 7... Qxf6 8. a3 $5 {A lesser-known sideline that allows Black to equalize fairly easily but gives White a straightforward plan with f3 and e4.} Bxc3+ 9. bxc3 O-O 10. Ne2 $1 {[#] The best move, though not by much. I had never played this line over the board, but I had it in my files as an alternative to the forcing and well-known mainline (d3). The idea is simple: maneuver the knight to g3, followed by d3, while avoiding Black's ...f5. Given White’s pawn structure on dark squares, the light-squared bishop will become a dominant piece once it reaches d3, as it is unrestrained by the pawns. Black, therefore, aims to exchange the light-squared bishops.} (10. Bd3 $6 Bf5 $1 $11) 10... Re8 11. Ng3 {Here, Black has many options.} g6 $5 {The idea is to control h5, preventing ...h5 while preparing to expand on the kingside with ...h5.} (11... Nd7 12. Bd3 Qd6 $11 {would have been a fine way to continue Black's development.}) 12. Bd3 h5 $6 {[#]} 13. h3 {I wanted to avoid ...h4 followed by ...h3, which would weaken my pawn structure.} (13. Qf3 Qd6 {threatening ...g4!, trapping the queen.} (13... Qxf3 14. gxf3 h4 (14... c5 15. Kd2 $14 {is good for White due to the strong control over the center.}) 15. Ne2 Nc6 16. Nf4 Ne7 17. Rg1 {with a good game for White.}) 14. Ne2 {preparing to meet g4 with f4!} Nd7 15. Qf4 Qxf4 16. Nxf4 Nb6 17. a4 $14 {was the best way to proceed, objectively.}) 13... h4 14. Ne2 Qg5 15. g4 $1 {[#]} Qf6 (15... hxg3 $6 16. Nxg3 $14 {with some attack on the weakened Black king.}) (15... Nd7 16. O-O Nf6 17. f4 Qh6 18. g5 Qh5 19. gxf6 Rxe3 $11 {was Black's best continuation, as the counterplay provides sufficient compensation for the sacrificed knight. However, it is highly unnatural for a human to find.}) 16. O-O $1 {White's king is completely safe!} Nd7 17. Nf4 Nb6 {[#]} 18. Qb3 (18. Qd2 $14 {defending e3, followed by a quick f3 and e4, was the best approach.}) 18... Bd7 {The position was unusual, and neither of us was familiar with the correct plans. As a result, we made several inaccuracies while trying to activate our pieces to better squares.} 19. Rae1 Bc6 20. Qc2 Re7 $6 {[#] With the idea of doubling on the e-file is actually an inaccuracy!  editor - one better idea is to prepare to trade the stunted c6 for the more active d3 by going ...a6 and ...b5.} 21. Ng2 Rae8 22. f3 Qd6 23. e4 {[#]} Qg3 $2 {Black is already losing as White's center is too strong!} (23... dxe4 24. fxe4 Qxa3 $16 {was the best way to put up some resistance, although White is much better.}) 24. e5 Qxh3 $2 25. Qf2 $1 {[#] The queen is by far the most dominant piece, as Black's other pieces lack activity and control. Therefore, f2 is a strong move—it not only targets the h4-pawn but also restricts Black's queen and forces an exchange with f4 next!} Qg3 26. Qxg3 hxg3 27. f4 (27. Nf4 {followed by g2 was slightly more accurate objectively and, more importantly, less messy.}) 27... Na4 28. Rc1 Nb2 {[#]} 29. Be2 $2 {Is too slow, as it allows Black to counterattack with ...f6!} (29. Rf3 $1 Nxd3 30. Rxd3 $18 {White's pawns and active pieces are completely dominating the position.}) 29... Nc4 $6 (29... f6 $1 30. Rf3 g5 $1 $11) 30. Rf3 f6 31. Rxg3 $6 (31. Bd3 $1 {was a strong move, as it targets the g6-pawn while also controlling e4 in anticipation of Black's maneuver ...d2-e4!}) 31... g5 $4 {[#]} 32. Rh3 $4 {I believe I failed to find the best moves here due to extreme time pressure. My opponent played very quickly throughout the game, and if I recall correctly, I was very low on time while my opponent still had over an hour.} (32. Bxc4 $8 $18 dxc4 33. exf6 Re6 (33... Re2 34. fxg5 {is completely winning for White.}) 34. fxg5 Bxg2 35. Kxg2 Re2+ 36. Kf1 Kf7 37. Rb1 b6 38. Rh3 $18) 32... gxf4 33. Bxc4 dxc4 34. exf6 Bxg2 35. Kxg2 Re2+ 36. Kf1 Kf7 37. g5 Kg6 {[#]} 38. Rf3 $2 (38. Rb1 b6 39. Rf3 $11) 38... R2e4 39. Rb1 b6 $2 (39... Kxg5 $8 40. Rxb7 Kg4 $19) 40. Rb5 Kh5 $4 {[#] Critical Position} 41. Re5 $2 (41. Rh3+ $8 $18 Kg4 {Threatens the  and mate in 2.} (41... Kg6 42. Rh6+ Kf7 43. Rh7+ Kg6 (43... Ke6 44. Re5+ $18) 44. Rg7+ Kh5 45. Re5 $18 {White's pawns are too powerful.}) 42. Re5 $3 {a beautiful move that I missed. The idea is that White sacrifices a rook in order to promote one of the passed pawns.} R4xe5 (42... Kxh3 {White can take either  and will promote.}) (42... R8xe5 43. dxe5 Kxh3 44. g6 {White promotes.}) 43. dxe5 Kxg5 (43... Kxh3 44. f7 $18 {White promotes.}) 44. f7 Rf8 45. e6 Kf6 46. Rh6+ Ke7 (46... Kg7 47. e7 $18) 47. Kf2 $18) 41... R4xe5 42. dxe5 Kxg5 43. f7 Rf8 {[#]} 44. e6 (44. Rxf4 $4 {does not work} Kxf4 45. e6 Ke5 46. e7 Rxf7+ $19) 44... Kf6 45. Rxf4+ Kxe6 46. Rxc4 Rxf7+ 47. Ke2 {[#] The endgame is drawn although Black can certainly try to win.} Kd5 48. Rd4+ Kc5 49. Kd3 Rf2 50. Rc4+ Kd6 51. Ra4 a5 52. Rh4 Ke5 53. Rh5+ Rf5 54. Rh6 Kd5 55. Rh4 Rf2 56. Rh5+ Kc6 57. Rh4 Rg2 58. a4 Rb2 59. Rh6+ Kb7 60. Kc4 Rb1 61. Rh7 Rd1 62. Rg7 Kc6 63. Rg6+ Rd6 64. Rg7 Rh6 65. Rg4 Kb7 66. Rg7 Rc6+ 67. Kb3 Rc5 68. Rh7 Rc6 69. Rg7 Ka6 70. Rh7 Rc5 71. Rg7 b5 72. axb5+ Rxb5+ {[#] Theoretically, without White's c3-pawn, the endgame would still be drawn as a and c pawn in a rook endgame are not enough to win against someone who knows the theoretical defense.} 73. Ka4 c6 74. Rg8 Rc5 75. Ra8+ Kb6 76. Rb8+ Kc7 77. Ra8 Kb6 78. Rb8+ Ka7 79. Rh8 Rg5 80. Rf8 Kb6 81. Rh8 Rg4+ 82. Kb3 Kb5 83. Rb8+ Kc5 84. Ra8 Kb6 85. Rb8+ Ka7 86. Rc8 Kb7 87. Rh8 Re4 88. Rg8 Kb6 89. Rb8+ Kc7 90. Ra8 Re5 91. Rh8 Rb5+ 92. Ka4 Rf5 93. Ra8 Kb6 94. Kb3 Rf1 95. Rg8 Kc5 96. Rh8 Rb1+ 97. Ka2 Re1 98. Kb3 Re4 99. Ra8 Kb5 100. Rb8+ Ka6 101. Ra8+ Kb6 102. Rb8+ Ka7 103. Rh8 Rf4 104. Rg8 Kb7 105. Rh8 Rf1 106. Rg8 Kb6 107. Rb8+ Kc5 108. Rh8 Rb1+ 109. Ka2 Rc1 110. Kb3 Rg1 111. Rh5+ Kb6 112. Rh8 Rg4 113. Rb8+ Ka7 114. Rh8 a4+ 115. Ka3 Rc4 116. Rh5 Kb6 117. Rg5 Re4 118. Rh5 c5 119. Rh8 Kb5 120. Ra8 Re1 121. Kb2 Rh1 122. Kc2 Rh2+ 123. Kd3 Rh3+ 124. Kc2 Rh2+ 125. Kc1 Rg2 126. Ra7 Ra2 127. Kb1 Rh2 128. Kc1 Rh6 129. Kb2 Rg6 130. Ra8 Rg7 131. Kc2 Rh7 132. Kb2 Rh4 133. Kc2 Rh2+ 134. Kc1 Kc4 135. Rxa4+ Kb3 136. Rg4 c4 (136... Kxc3 137. Rg3+ Kc4 138. Rg4+ $11) 137. Rg8 Rh3 {[#] Critical Position g2, c8, or something else?} 138. Rg2 $4 {The only mistake I made in the rook endgame. Many moves would have maintained equality (g7, b8+, e2...), but g2 is too passive. Black is winning now.} ({editor - Even} 138. Rc8 {draws, so long as White knows} Kxc3 139. Kb1 $8 $11 {the "short-side" defence.}) 138... Rh1+ $8 $19 (138... Kxc3 $4 {does not achieve anything as White's king and rook will prevent Black from making any progress; e.g.} 139. Rc2+ Kd3 140. Rd2+ $11) (138... Rxc3+ 139. Kb1 Rh3 140. Rb2+ Kc3 141. Rg2 $11) 139. Kd2 Kb2 $8 {Controlling the promotion square, allowing Black to play ...c1 and eventually capture the c3-pawn under winning conditions.} 140. Rg3 Rc1 141. Rg8 Rxc3 142. Rb8+ Rb3 143. Rc8 Rd3+ 144. Ke2 Kb3 145. Rb8+ Kc2 146. Ra8 Rd7 147. Rb8 c3 148. Rb6 Kc1 149. Rb5 c2 150. Rb8 Re7+ 151. Kf3 Re5 152. Kf4 Re1 153. Kf3 Kd2 {Naturally, I was disappointed with the result and frustrated with myself. I had winning chances early on and later had the knowledge and understanding to hold the rook endgame to a draw. As mentioned earlier, the game was played with delay rather than increment. I strongly believe that I would not have lost this endgame with increment.   Overall, I believe a strong chess player should be able to perform well regardless of the time control. However, this game made me realize that I do not need to participate in tournaments with suboptimal time controls and playing conditions. Since then, I have avoided tournaments using delay, and I am quite happy with my decision.} 0-1